000 00743nam a2200253Ia 4500
003 OSt
005 20220925195651.0
006 a|||||r|||| 00| 0
007 ta
008 220923b |||||||| |||| 00| 0 eng d
037 _cGeneral Book
040 _aRTL
_cRTL
_beng
041 _2eng
_aeng
082 _aY9(A).73.N7, L3
100 _aCole Jonathan R
_9137661
245 0 _aSocial stratification in science
260 _aChicago
_bUniversity of Chicago Press
_c1973
300 _axiv, 283p
_ccm.
500 _aAppendix: P 263-75
650 _aSociology of Science
_9230792
700 _a Cole Stephen
_9130718
942 _hY9(A).73.N7, L3
_cGB
_2CC
999 _c533858
_d533858